Дело по представлениям начальников губерний, касательно размещения бродяг и беглых, присуждаемых к отдаче в арестантские роты гр...

Доступно только в Электронных читальных залах Найти на картеНа карте
RUSMARC
00003733nmc2a2200000 x 450
001ea5d0c39-7ac7-4c74-8e38-5e59bc12e193
00520171118012112.0
100##$a20160901l18461848k l0rusy0189 ca
1010#$arus
102##$aRU
2001#$aДело по представлениям начальников губерний, касательно размещения бродяг и беглых, присуждаемых к отдаче в арестантские роты гражданского ведомства
$j26 июня 1846 г. - 5 апреля 1848 г.
251##$cДело
300##$aДело
801#0$aRU
$bРГИА
$c20160901
$gRCR
801#1$aRU
$bГлавНИВЦ
$c20160901
$2rusmarc
801#2$aRU
$bПБ им. Б.Н. Ельцина
$c20171118
$gRCR
$2rusmarc
850##$aРГИА
852##$aРГИА
$eФедеральное казенное учреждение "Российский государственный исторический архив" (РГИА)
$j1174
937##$hРГИА
$d12206753
$aASBIBLIO_SCAN
462#0$1001a27eaba9-7cb9-40a7-a26f-8911768d1c13
$12001
$a1846-1847 гг. Дела Департамента полиции исполнительной за 1846 г.
$1251
$cОпись
$1852
$j10
461#0$10013e300ed0-cd39-49af-8489-5ba5b90fa401
$12001
$aДепартамент полиции исполнительной МВД
$1251
$cФонд
$1852
$j1286
215##$a513 л.
$d36,5х26 см
371##$aДокумент не является опубликованным и широко распространяемым
105##$ay###
1222#$ad
035##$aea5d0c39-7ac7-4c74-8e38-5e59bc12e193
856##$uhttp://readingroom.main.prlib.ru/item.aspx?id_node=n109244119&mode=full
Формат отображения